|
|
|
|
| LEADER |
00995nam a22002777a 4500 |
| 001 |
30806 |
| 003 |
BD-DhAAL |
| 005 |
20170104104654.0 |
| 008 |
160107s2014 enk||||| |||| 00| 0 eng d |
| 020 |
|
|
|a 9781780329680
|
| 020 |
|
|
|a 9781780329673
|
| 040 |
|
|
|a BD-DhAAL
|c BD-DhAAL
|
| 082 |
|
|
|2 22
|a 305.42
|
| 245 |
|
|
|a Voicing demands :
|b feminist activism in transnational contexts /
|c edited by Sohela Nazneen and Maheen Sultan
|
| 260 |
|
|
|a London ;
|a New York :
|b Zed Books,
|c 2014
|
| 300 |
|
|
|a xi, 268 p. :
|b 22 cm.
|
| 490 |
|
|
|a Feminisms and Development,
|
| 504 |
|
|
|a Includes bibliographical references and index
|
| 526 |
|
|
|a BIGD
|
| 541 |
|
|
|e 30806
|
| 650 |
|
|
|a Feminisms
|9 17233
|
| 650 |
|
|
|a Women
|x Political activity
|9 17234
|
| 852 |
|
|
|a Ayesha Abed Library
|
| 942 |
|
|
|2 ddc
|c BK
|
| 999 |
|
|
|c 36562
|d 36562
|
| 952 |
|
|
|0 0
|1 0
|2 ddc
|4 0
|6 305_420000000000000_VOI
|7 0
|9 57542
|a BRACUL
|b BRACUL
|c GEN
|d 2016-01-07
|e Sohela Nazneen, BIGD
|l 2
|o 305.42 VOI
|p 3010030806
|r 2025-05-21
|s 2025-01-21
|t 1
|w 2016-01-07
|y BK
|